100 Baby Challenge, Names part 6 - Statistics

General Stats
  • This quiz has been taken 166 times
  • The average score is 13 of 30
Answer Stats
Hint Answer % Correct
O Olive
90%
B Brielle
65%
R Rose
64%
J Jamie
58%
N Natalie
56%
C Charlie
55%
A Alexis
53%
W Willow
52%
N Niya
45%
R River
44%
M Miles
42%
H Hazel
41%
R Renee
41%
E Ellie
40%
A Addi
39%
E Eric
39%
A Arya
38%
J Jon
38%
F Freya
36%
N Nova
36%
G Ginny
35%
B Bran
34%
F Flynn
33%
S Sirius
31%
T Theo
31%
T Tristen
31%
S Stacey
30%
C Cooper
29%
D Dorian
29%
T Tegan
28%
No matching quizzes found
Score Distribution
Percent of People with Each Score
Percentile by Number Answered
Your Score History
You have not taken this quiz